000 00799nam a22002897a 4500
001 BR9902493
003 BR-BrBNA
005 20230928100353.0
007 ta
008 230509b bl.||||| |||| 00| 0 por d
040 _aBR-BrBNA
_bpor
_cBiblioteca Nacional de Agricultura
041 _a(Por)
072 _aE14
090 _ E14 BR9902493
100 1 _aLopes, S.D.
245 1 _aEcoturismo cooperativo: proposta para equacionar questoes de meio ambiente, geracao de emprego, distribuicao da renda
260 3 _a[np]:
_c1998.
300 _a22 p.
650 _aProjeto de Desenvolvimento
650 _aCooperativa
650 _aDesenvolvimento Economico
650 _aMeio Ambiente
650 _aTurismo
650 _aEmprego
909 _a202309
_bLucia
_c55
_dLucia Elande
942 _cBK
999 _c61092
_d61092